Giáo trình tư tưởng Hồ Chí Minh : Dùng trong các trường Đại học, Cao đẳng
Những giải đáp thắc mắc về khái niệm và hệ thống tư tưởng Hồ Chí Minh; tư tưởng Hồ Chí Minh về nhiều lĩnh vực khác nhau; các quan điểm có tính phương pháp luận trong vận dụng, phát triển tư tưởng Hồ Chí Minh trong công cuộc đổi mớ...
Enregistré dans:
| Auteur principal: | |
|---|---|
| Format: | Livre |
| Langue: | Undetermined |
| Publié: |
Hà Nội
Chính trị Quốc gia
2006
|
| Sujets: | |
| Tags: |
Ajouter un tag
Pas de tags, Soyez le premier à ajouter un tag!
|
| Thư viện lưu trữ: | Trung tâm Học liệu Trường Đại học Cần Thơ |
|---|
| LEADER | 01148nam a2200229Ia 4500 | ||
|---|---|---|---|
| 001 | CTU_229100 | ||
| 008 | 210402s9999 xx 000 0 und d | ||
| 020 | |b 13500 | ||
| 082 | |a 335.4346 | ||
| 082 | |b Th116 | ||
| 100 | |a Mạch, Quang Thắng | ||
| 245 | 0 | |a Giáo trình tư tưởng Hồ Chí Minh : | |
| 245 | 0 | |b Dùng trong các trường Đại học, Cao đẳng | |
| 245 | 0 | |c Mạch Quang Thắng (Chủ biên) | |
| 260 | |a Hà Nội | ||
| 260 | |b Chính trị Quốc gia | ||
| 260 | |c 2006 | ||
| 520 | |a Những giải đáp thắc mắc về khái niệm và hệ thống tư tưởng Hồ Chí Minh; tư tưởng Hồ Chí Minh về nhiều lĩnh vực khác nhau; các quan điểm có tính phương pháp luận trong vận dụng, phát triển tư tưởng Hồ Chí Minh trong công cuộc đổi mới. | ||
| 650 | |a Ho Chi Minh,Tư tưởng Hồ Chí Minh | ||
| 650 | |x Biography | ||
| 904 | |i Hải (sửa số pl 324.2075092/Gi108 thành 335.4346/K600) | ||
| 980 | |a Trung tâm Học liệu Trường Đại học Cần Thơ | ||